تمهيد للفن الموسيقي = / Introductional art musical

محفوظ في:

المؤلف الرئيسي: بنشار، ماكس.,.

مؤلفون آخرون: بدران، محمد رشاد.

التنسيق: كتاب

اللغة: Undetermined

منشور في: Cairo : Dar Nahdet Misr for Printing and Publishing, 1973.

الوسوم: إضافة وسم

لا توجد وسوم, كن أول من يضع وسما على هذه التسجيلة!

رقم الطلب: MT6 .P612

LEADER 00463nam a2200133Ia 4500
008 240329s9999||||xx |||||||||||||| ||und||
050 4 |a MT6 .P612 
100 1 |a بنشار، ماكس.,. 
245 1 0 |a تمهيد للفن الموسيقي = / Introductional art musical   |c بنشار، ماكس., 
264 1 |a Cairo :  |b Dar Nahdet Misr for Printing and Publishing,  |c 1973. 
300 |a 295 P  |c 24 cm 
700 1 |a بدران، محمد رشاد. 
942 |2 lcc  |c BK 
999 |c 57744  |d 57744